000 00744nam a2200217 i 4500
001 bgj
100 1 _aKOKOT, Joanna.
245 1 0 _aNot only "Just so stories" /
_cJoanna Kokot.
260 _aGdańsk :
_bWydaw. Gdańskie,
_c1994.
300 _a46 pp ;
_c20 cm.
490 1 _aInterpretations of British Literature / Andrzej Zgorzelski, red. nacz. ;
_v6
600 1 9 _aKipling Rudyard
_t"Just so stories"
650 9 _a[English literature
_xCriticism and interpretations]
_y20th century
830 0 _aInterpretations of British Literature (Andrzej Zgorzelski, red. nacz.) ;
_v6
020 _a8385843396 (pbk)
040 _cBPK
041 0 _aeng
920 _a83-85843-39-6 (pbk)
942 _cKS
008 s uk f |000 0 eng
999 _c48121
_d48121
856 _uhttp://koha.tu.koszalin.pl/cgi-bin/koha/opac-detail.pl?biblionumber=48121
_yKatalog online BPK